Choral monuments : (Record no. 3289)

MARC details
000 -LEADER
fixed length control field 02760cam a2200193 i 4500
008 - FIXED-LENGTH DATA ELEMENTS--GENERAL INFORMATION
fixed length control field 161114s2017 nyuag b 001 0 eng
020 ## - INTERNATIONAL STANDARD BOOK NUMBER
ISBN 9780190469023
020 ## - INTERNATIONAL STANDARD BOOK NUMBER
ISBN 9780190469030
100 1# - MAIN ENTRY--AUTHOR
Author Shrock, Dennis,
245 10 - TITLE STATEMENT
Title Choral monuments :
Remainder of title studies of eleven choral masterworks /
Statement of responsibility, etc Dennis Shrock.
260 ## - PUBLICATION, DISTRIBUTION, ETC. (IMPRINT)
Place of publication America
Name of publisher Oxford University Press
Date of publication 2017
300 ## - COLLATION
Pagination xvii, 438 pages :
Other physical details illustrations, music ;
520 ## - SUMMARY, ETC.
Summary, etc Provides extensive material about eleven epoch-making choral masterworks that span the history of Western culture. Included are: Missa Pange lingua (Josquin Desprez); Missa Papae Marcelli (G. P. da Palestrina); B Minor Mass (J. S. Bach); Messiah (G. F. Handel); The Creation (Joseph Haydn); Symphony #9 (Ludwig van Beethoven); St. Paul (Felix Mendelssohn); Ein deutsches Requiem (Johannes Brahms); Messa da Requiem (Giuseppe Verdi); Mass (Igor Stravinsky); and War Requiem (Benjamin Britten). The works are presented in separate chapters, with each chapter divided into three basic sections-history, analysis, and performance practice. Discussions of history are focused on relevancies-the genesis of the designated work in reference to the composer's total choral output, the work's place within the musical environment and social climate of its time, and essential features of the work that make it noteworthy. In addition, the compositional history addresses three other factors: the work's public reception and critical response, both at the time of its composition and in ensuing years; the history of score publications, detailing the various differences between editions; and the texts of the composition. The material regarding textual treatment, which often includes the complete texts of the works being discussed, concentrates on primary concerns of the text's usage; also included in the discussion are noteworthy aspects of texts separate from the music as well as biographical details of librettists and poets, if appropriate. The analysis section of each chapter outlines and describes musical forms and other types of compositional organization, including parody technique, mirror structures, and motto repetitions, as well as salient compositional characteristics that directly relate and contribute to the work's artistic stature. Numerous charts and musical examples illustrate the discussions. The discussion of performance practices includes primary source quotations about a wide range of topics, from performing forces, tempo, and phrasing of each work to specific issues such as tactus, text underlay, musica ficta, metric accentuation, and ornamentation.
650 #0 - TRACINGS
Main Subject Choruses
Subdivision (2nd) Analysis, appreciation.
650 #0 - TRACINGS
Main Subject Choral music.
942 ## - ADDED ENTRY ELEMENTS (KOHA)
Item type Books
050 00 - LIBRARY OF CONGRESS CALL NUMBER
Classification number MT110
Item number .S57 2017
082 00 - DEWEY DECIMAL CLASSIFICATION NUMBER
Classification number 782.509
Holdings
Source of classification or shelving scheme Not for loan Permanent location Current location Date acquired Accession No. Full call number Barcode. Koha item type
Library of Congress Classification   Samuel Ogbemudia Main Library, University of Abuja Samuel Ogbemudia Main Library, University of Abuja 05/05/2025 2024/63628 MT110.S57 2025-1744 Books